000 00690nam a22002057a 4500
999 _c18577
_d18577
003 AR-CdUCM
008 190514b ||||| |||| 00| 0 spa d
040 _aMUNICIPALIDAD PROVINCIAL DEL CUSCO
_cBIBLIOTECA MUNICIPAL DEL CUSCO
082 _a809 /
_bG37
100 _aGener, Pompeyo
_939242
245 _aHistoria de la Literatura /
260 _aBarcelona :
_bMontaner y Simón,
_c1902.
300 _a384 páginas ;
_bIlustraciones,
_c24 cm.
505 _aContenido: Antiguo oriente -- Antigüedad clásica -- Edad media -- Edad moderna...
650 _aLiteratura
_9416
650 _aHistoria
_9136
650 _aAlejandría
_924834
942 _2ddc
_cLIBROS
945 _adavv
_d2019-05-14